Budynki w Warcraft II - Statystyki

Ogólne statystyki
  • Ten quiz został rozwiązany 9 razy
  • Średni wynik to 5 z 22
Statystyki odpowiedzi
Kampania Funkcja budynku Nazwa budynku % Poprawnych
Ludzie Gromadzenie żywności Farm
75%
Ludzie Rekrutacja robotników, gromadzenie surowców lądowych Townhall
75%
Ludzie/Orkowie Rekrutacja armii, budowa maszyn oblężniczych Barracks
63%
Ludzie/Orkowie Możliwość budowania maszyn oblężniczych, ulepszanie broni i pancerzy Blacksmith
38%
Orkowie Rekrutacja robotników, gromadzenie surowców lądowych Great Hall
38%
Orkowie Gromadzenie żywności Pig Farm
38%
Ludzie Ulepszenie rycerzy konnych do paladynów, "nauka" zaklęć Church
25%
Ludzie Rekrutacja magów , "nauka" zaklęć Mage Tower
25%
Ludzie Możliwość rekrutacji armii konnej Stables
25%
Ludzie/Orkowie Budowa okrętów transportowych oraz ciężkich okrętów wojennych, ulepszanie okrętów Foundry
13%
Budowla neutralna Wydobycie złota Gold Mine
13%
Ludzie Rekrutacja jednostek walczących z powietrza (gryfy) Gryphon Aviary
13%
Ludzie/Orkowie Możliwość rekrutacji jednostek zasięgowych, ulepszanie tych jednostek, zwiększenie pozyskania drewna Lumber Mill
13%
Orkowie Możliwość rekrutacji ogrów Ogre Mound
13%
Ludzie/Orkowie Zwiększenie wydobycia ropy Oil Refinery
13%
Ludzie/Orkowie Budowa jednostek morskich Shipyard
13%
Orkowie Ulepszenie ogrów do ogrowych magów, "nauka" zaklęć Altar of the Storms
0%
Orkowie Rekrutacja jednostek walczących z powietrza (smoki) Dragon Nest
0%
Ludzie Możliwość rekrutacji zwiadowców oraz jednostek eksplodujących ja i łodzi podwodnych Gnomish Inventor
0%
Orkowie Możliwość rekrutacji zwiadowców oraz jednostek eksplodujących ja i łodzi podwodnych Goblin Laboratory
0%
Ludzie/Orkowie Wydobycie ropy Oil Path
0%
Orkowie Rekrutacja rycerzy śmierci, "nauka" zaklęć Temple of the Damned
0%
Nie znaleziono quizów pasujących do podanych kryteriów
Rozkład punktacji
Procent ludzi z każdym wynikiem
Percentyl według liczby udzielonych odpowiedzi
Twoja historia wyników
Nie rozwiązałeś tego quizu